| 000 | 00561nam a22001697a 4500 | ||
|---|---|---|---|
| 003 | NUST | ||
| 038 | _aNusrat Nadeem | ||
| 082 | _a200 | ||
| 100 |
_aUmar, Hafsa _9120256 |
||
| 245 |
_aTHE DEVALUATION OF FEMALE DIGITAL AESTHETIC ENTREPRENEURS (MAKEUP ARTISTS) OF PAKISTAN/ _cHafsa Umar, |
||
| 264 |
_aIslamabad, _c2023. _bNBS NUST |
||
| 300 |
_aill: _b84,p: _c30,cm. |
||
| 650 |
_aMS-Management and Human Resource _9122991 |
||
| 700 |
_aSupervisor: Dr. Madiha Gohar _9119923 |
||
| 856 | _uhttp://10.250.8.41:8080/xmlui/handle/123456789/38717 | ||
| 942 |
_2ddc _cSC |
||
| 999 |
_c607635 _d607635 |
||